000 00807cam a2200277 4500
001 B3418
008 090401t xxu||||| |||| 00| 0 eng d
035 _a(Sirsi) u55945
041 _aeng
050 _a332.6324
110 _aHillier Parker Research
_92002
245 _aProperty market values - January 1991 - December 1991
260 _aLondon
_bHillier Parker May and Rowden
_c1991 -
300 _a4 pt. ; 30cm.
350 _a0
520 _aPublished quarterly. - Previously published as part of ICHP Property Market Indicators q.v.
650 _aCAPITAL VALUES
650 _aINDUSTRIAL PROPERTY
650 _aOFFICES
650 _aPROPERTY MARKET INDICATORS
650 _aRATES OF RETURN
650 _aSHOPS
710 _aInvestors Chronicle
_92657
942 _n0
948 _c04/03/1997
999 _c93688
_d93688